| 000 | 00612nam a2200205Ia 4500 | ||
|---|---|---|---|
| 005 | 20250508164954.0 | ||
| 008 | 008 250505s9999 xx 000 0 eng d | ||
| 020 | _a9780670083732 | ||
| 037 | _aTextual | ||
| 040 |
_aFEDL _beng _cFEDL |
||
| 041 |
_aeng _2eng |
||
| 084 |
_a305.5, GUP _qFEDL |
||
| 100 | _aGupta Dipankar | ||
| 245 | 0 | _aInterrogating caste : Understanding hierarchy and difference in Indian society | |
| 260 |
_aNew Delhi, India _bPenguin Books India Pvt. Ltd. _c2000 |
||
| 300 | _aix, 300p. | ||
| 365 |
_aINR _b325 |
||
| 942 |
_cTEXL _h305.5, GUP |
||
| 999 |
_c1392406 _d1392406 |
||